[Event "Shakhty KVU op"]
[Site "Shakhty"]
[Date "2015.02.19"]
[Round "7"]
[White "Petrov, Artur"]
[Black "Matjushin, Gennady"]
[Result "1/2-1/2"]
[WhiteElo "2374"]
[BlackElo "2430"]
[PlyCount "27"]
[EventDate "2015.02.14"]
[EventType "swiss"]
[EventRounds "9"]
[EventCountry "RUS"]
[SourceTitle "CBM 165 Extra"]
[Source "ChessBase"]
[SourceDate "2015.04.21"]
[SourceVersion "1"]
[SourceVersionDate "2015.04.21"]
[SourceQuality "1"]

1. e4 e5 2. Nf3 Nf6 3. Nxe5 d6 4. Nf3 Nxe4 5. Qe2 Qe7 6. d3 Nf6 7. Bg5 Qxe2+ 8. Bxe2 Be7 9. Nc3 c6 10. 0-0-0 Na6 11. d4 Nc7 12. h3 0-0 13. Bd3 h6 14. Bd2 1/2-1/2

[Event "Shakhty KVU op"]
[Site "Shakhty"]
[Date "2015.02.17"]
[Round "5"]
[White "Weetik, Vjacheslav"]
[Black "Petrov, Artur"]
[Result "0-1"]
[WhiteElo "2459"]
[BlackElo "2374"]
[PlyCount "88"]
[EventDate "2015.02.14"]
[EventType "swiss"]
[EventRounds "9"]
[EventCountry "RUS"]
[SourceTitle "CBM 165 Extra"]
[Source "ChessBase"]
[SourceDate "2015.04.21"]
[SourceVersion "1"]
[SourceVersionDate "2015.04.21"]
[SourceQuality "1"]

1. d4 d5 2. c4 e6 3. Nf3 Nf6 4. g3 Be7 5. Bg2 0-0 6. 0-0 dxc4 7. Qc2 a6 8. Qxc4 b5 9. Qc2 Bb7 10. Bd2 Be4 11. Qc1 Bb7 12. Bf4 Bd6 13. Nbd2 Nbd7 14. Nb3 Be4 15. Rd1 Nd5 16. Bg5 f6 17. Bd2 Qe7 18. Ne5 Bxg2 19. Nc6 Qf7 20. Kxg2 f5 21. f3 f4 22. g4 N7b6 23. Nba5 h5 24. h3 Qf6 25. Rh1 Rae8 26. Kf1 Qh6 27. gxh5 e5 28. dxe5 Bxe5 29. Qc5 Bxb2 30. Rb1 Be5 31. Rb3 Qxh5 32. Rd3 Bd6 33. Qd4 Rf5 34. h4 Bc5 35. Qb2 Rf6 36. Qc2 Be3 37. Be1 Rg6 38. Qb3 Kh8 39. Bc3 Qf5 40. Rxe3 Nxe3+ 41. Ke1 Nbc4 42. h5 Qh3 43. Nxc4 Qxh1+ 44. Kd2 bxc4 0-1

[Event "Dvorkovich Memorial op-A 9th"]
[Site "Taganrog"]
[Date "2014.08.09"]
[Round "9"]
[White "Petrov, Artur"]
[Black "Frolov, Andrey"]
[Result "1-0"]
[WhiteElo "2394"]
[BlackElo "2148"]
[PlyCount "79"]
[EventDate "2014.08.02"]
[EventType "swiss"]
[EventRounds "10"]
[EventCountry "RUS"]
[SourceTitle "CBM 162 Extra"]
[Source "ChessBase"]
[SourceDate "2014.10.17"]
[SourceVersion "1"]
[SourceVersionDate "2014.10.17"]
[SourceQuality "1"]

1. e4 e5 2. Nc3 Bc5 3. g3 Nf6 4. Bg2 0-0 5. Nge2 c6 6. 0-0 d5 7. exd5 cxd5 8. d4 exd4 9. Nxd4 Bg4 10. Qd3 Bxd4 11. Qxd4 Nc6 12. Qf4 d4 13. Ne4 Be2 14. Nxf6+ Qxf6 15. Re1 Rfe8 16. Qxf6 gxf6 17. Bd2 Rac8 18. f4 d3 19. cxd3 Nd4 20. Bc3 Nc2 21. Bxb7 Rb8 22. Be4 Nxe1 23. Rxe1 Bxd3 24. Bxd3 Rxe1+ 25. Bxe1 Rxb2 26. a4 Rb3 27. Be2 Rb2 28. Kf1 a5 29. Bxa5 Ra2 30. Bb5 Rxh2 31. Be1 Ra2 32. a5 h5 33. a6 Kg7 34. Bf2 Kg6 35. a7 h4 36. gxh4 Kf5 37. Bc6 Ra1+ 38. Kg2 Kxf4 39. a8Q Rxa8 40. Bxa8 1-0

[Event "Dvorkovich Memorial op 8th"]
[Site "Taganrog"]
[Date "2013.07.30"]
[Round "9"]
[White "Poley, Vladimir"]
[Black "Petrov, Artur"]
[Result "0-1"]
[WhiteElo "2326"]
[BlackElo "2402"]
[PlyCount "88"]
[EventDate "2013.07.22"]
[EventType "swiss"]
[EventRounds "9"]
[EventCountry "RUS"]
[SourceTitle "CBM 155 Extra"]
[Source "ChessBase"]
[SourceDate "2013.08.26"]
[SourceVersion "1"]
[SourceVersionDate "2013.08.26"]
[SourceQuality "1"]

1. d4 Nf6 2. Nf3 g6 3. g3 Bg7 4. Bg2 0-0 5. 0-0 d6 6. c4 Nc6 7. d5 Na5 8. Nfd2 c5 9. Nc3 Nd7 10. Qc2 a6 11. Rb1 Rb8 12. b3 b5 13. Bb2 Ne5 14. Nd1 Nd7 15. Bxg7 Kxg7 16. Nb2 f6 17. f4 Qc7 18. e4 Nb7 19. Nd3 Nd8 20. Rbe1 e5 21. h4 Nf7 22. Bh3 Nb6 23. Be6 Bxe6 24. dxe6 Nd8 25. f5 Nc6 26. Nf2 Nd4 27. Qd3 bxc4 28. bxc4 d5 29. exd5 gxf5 30. Nh3 Nc8 31. Rxf5 Nxf5 32. Qxf5 Nd6 33. Qh5 Qa5 34. Nf3 Qc3 35. Nf2 Kh8 36. Nd1 Qxc4 37. Rxe5 Rg8 38. Kg2 Qc2+ 39. Kh3 Qxd1 40. Re1 Qd3 41. e7 Rbe8 42. Re6 Qf1+ 43. Kh2 Qf2+ 44. Kh1 Rxg3 0-1

[Event "Dvorkovich Memorial op 8th"]
[Site "Taganrog"]
[Date "2013.07.29"]
[Round "8"]
[White "Petrov, Artur"]
[Black "Shubny, Aleksandr"]
[Result "1-0"]
[WhiteElo "2402"]
[BlackElo "2036"]
[PlyCount "67"]
[EventDate "2013.07.22"]
[EventType "swiss"]
[EventRounds "9"]
[EventCountry "RUS"]
[SourceTitle "CBM 155 Extra"]
[Source "ChessBase"]
[SourceDate "2013.08.26"]
[SourceVersion "1"]
[SourceVersionDate "2013.08.26"]
[SourceQuality "1"]

1. e4 g6 2. d4 Bg7 3. Nc3 a6 4. h4 c5 5. d5 b5 6. h5 d6 7. a4 b4 8. Nb1 Nd7 9. Nd2 Ngf6 10. hxg6 hxg6 11. Rxh8+ Bxh8 12. Ngf3 Ng4 13. a5 Nde5 14. Nxe5 Bxe5 15. Be2 Nh6 16. Nc4 Bg7 17. Bg5 Bb7 18. Qd2 Ng8 19. f4 Qc7 20. Bf3 0-0-0 21. c3 Kb8 22. cxb4 Bd4 23. Rc1 Qd7 24. bxc5 dxc5 25. Bh4 f5 26. e5 Qb5 27. d6 Bxf3 28. gxf3 Qb7 29. Ke2 Rf8 30. Bf2 exd6 31. Bxd4 cxd4 32. Nxd6 Qd5 33. Qb4+ Ka8 34. Rc5 1-0

[Event "Dvorkovich Memorial op 8th"]
[Site "Taganrog"]
[Date "2013.07.25"]
[Round "4"]
[White "Petrov, Artur"]
[Black "Chernyavsky, Alexander"]
[Result "0-1"]
[WhiteElo "2402"]
[BlackElo "2252"]
[PlyCount "104"]
[EventDate "2013.07.22"]
[EventType "swiss"]
[EventRounds "9"]
[EventCountry "RUS"]
[SourceTitle "CBM 155 Extra"]
[Source "ChessBase"]
[SourceDate "2013.08.26"]
[SourceVersion "1"]
[SourceVersionDate "2013.08.26"]
[SourceQuality "1"]

1. e4 e6 2. d4 d5 3. Nc3 Bb4 4. e5 Ne7 5. a3 Bxc3+ 6. bxc3 c5 7. h4 Qc7 8. Nf3 Nbc6 9. h5 h6 10. Bd3 Bd7 11. Be3 c4 12. Be2 0-0-0 13. Qd2 a6 14. Nh4 Na7 15. g4 Qa5 16. g5 Nb5 17. gxh6 gxh6 18. Rg1 Rdg8 19. Rxg8+ Nxg8 20. a4 Qxc3 21. Ra2 Qxd2+ 22. Kxd2 Na7 23. Ra1 Kd8 24. c3 Nc8 25. Bd1 Be8 26. Rb1 b6 27. Bc2 f5 28. Ng6 Bxg6 29. hxg6 h5 30. Rh1 h4 31. Bg5+ Ke8 32. Rxh4 Rxh4 33. Bxh4 Kf8 34. Bd1 Kg7 35. Ke3 Kxg6 36. Kf4 Nge7 37. f3 Nc6 38. Be1 b5 39. Ke3 Nb6 40. axb5 axb5 41. f4 Na4 42. Bd2 Na5 43. Be1 Nb2 44. Be2 Nb3 45. Bh4 Na4 46. Be1 Nc1 47. Bd1 Nb2 48. Bc2 Kh5 49. Bd2 Ncd3 50. Kf3 Kh4 51. Bb1 Nd1 52. Bc2 N1f2 0-1

[Event "Dvorkovich Memorial op 8th"]
[Site "Taganrog"]
[Date "2013.07.24"]
[Round "3"]
[White "Frolov, Andrey"]
[Black "Petrov, Artur"]
[Result "0-1"]
[WhiteElo "2163"]
[BlackElo "2402"]
[PlyCount "58"]
[EventDate "2013.07.22"]
[EventType "swiss"]
[EventRounds "9"]
[EventCountry "RUS"]
[SourceTitle "CBM 155 Extra"]
[Source "ChessBase"]
[SourceDate "2013.08.26"]
[SourceVersion "1"]
[SourceVersionDate "2013.08.26"]
[SourceQuality "1"]

1. e4 e6 2. d4 d5 3. Nc3 Nf6 4. e5 Nfd7 5. f4 c5 6. Nf3 Nc6 7. Be3 Be7 8. Qd2 0-0 9. 0-0-0 c4 10. g4 Rb8 11. f5 b5 12. Ne2 b4 13. Nf4 Qa5 14. Kb1 Rb6 15. Ne2 c3 16. Qe1 cxb2 17. Nf4 Ba6 18. Rd3 Bxd3 19. Bxd3 b3 20. Qxa5 bxc2+ 21. Kxc2 Nxa5 22. g5 Rc8+ 23. Kb1 Ba3 24. Bc2 Rbc6 25. Ne1 Nc4 26. Nfg2 Ndb6 27. f6 Bb4 28. h4 Na3+ 29. Kxb2 Nxc2 0-1

[Event "Dvorkovich Memorial op 8th"]
[Site "Taganrog"]
[Date "2013.07.23"]
[Round "2"]
[White "Petrov, Artur"]
[Black "Shamugia, Panteley"]
[Result "1-0"]
[WhiteElo "2402"]
[BlackElo "1986"]
[PlyCount "79"]
[EventDate "2013.07.22"]
[EventType "swiss"]
[EventRounds "9"]
[EventCountry "RUS"]
[SourceTitle "CBM 155 Extra"]
[Source "ChessBase"]
[SourceDate "2013.08.26"]
[SourceVersion "1"]
[SourceVersionDate "2013.08.26"]
[SourceQuality "1"]

1. e4 e5 2. Nf3 Nc6 3. Bb5 a6 4. Ba4 Nf6 5. 0-0 b5 6. Bb3 Be7 7. Re1 0-0 8. d3 d6 9. c3 Na5 10. Bc2 c5 11. Nbd2 Nc6 12. Nf1 Bg4 13. h3 Bh5 14. Ng3 Bg6 15. Nh4 Ne8 16. Nxg6 fxg6 17. a4 Nc7 18. Qg4 Qc8 19. Bb3+ Kh8 20. Be3 Qxg4 21. hxg4 Na5 22. Ba2 Nc6 23. Rec1 Rfc8 24. Nf1 Nd8 25. g3 Nce6 26. f4 Nc7 27. Nd2 Nde6 28. Kg2 exf4 29. gxf4 g5 30. f5 Nf4+ 31. Bxf4 gxf4 32. Rh1 d5 33. exd5 Bd6 34. Ne4 Ne8 35. Kf3 Kg8 36. g5 b4 37. Rh2 Ra7 38. Rah1 Kf8 39. Rxh7 Rac7 40. Bc4 1-0

[Event "Dvorkovich Memorial op"]
[Site "Taganrog"]
[Date "2013.01.22"]
[Round "8"]
[White "Petrov, Artur"]
[Black "Rjabzev, Konstantin"]
[Result "1-0"]
[WhiteElo "2411"]
[BlackElo "2273"]
[PlyCount "65"]
[EventDate "2013.01.15"]
[EventType "swiss"]
[EventRounds "9"]
[EventCountry "RUS"]
[SourceTitle "CBM 152 Extra"]
[Source "ChessBase"]
[SourceDate "2013.02.25"]
[SourceVersion "1"]
[SourceVersionDate "2013.02.25"]
[SourceQuality "1"]

1. e4 d6 2. d4 Nf6 3. Nc3 g6 4. f4 Bg7 5. Nf3 c5 6. d5 0-0 7. Bc4 Bg4 8. 0-0 Nbd7 9. a4 a5 10. h3 Bxf3 11. Qxf3 Nb6 12. Bb5 e6 13. Bd2 exd5 14. exd5 Ne8 15. f5 Qh4 16. Ne4 gxf5 17. Qxf5 Bd4+ 18. Kh1 Ng7 19. Qf3 f5 20. Nxd6 Qe7 21. Bf4 Bxb2 22. Rae1 Qf6 23. Nxb7 Bd4 24. d6 Kh8 25. d7 Qf7 26. Bd6 Nxd7 27. Re7 Qxe7 28. Bxe7 Ne5 29. Qe2 Ng6 30. Bxf8 Rxf8 31. g4 f4 32. Nxa5 h5 33. Nc6 1-0

[Event "Dvorkovich Memorial op"]
[Site "Taganrog"]
[Date "2013.01.19"]
[Round "5"]
[White "Lopukhin, Anatoly Viktorovich"]
[Black "Petrov, Artur"]
[Result "0-1"]
[WhiteElo "2281"]
[BlackElo "2411"]
[PlyCount "74"]
[EventDate "2013.01.15"]
[EventType "swiss"]
[EventRounds "9"]
[EventCountry "RUS"]
[SourceTitle "CBM 152 Extra"]
[Source "ChessBase"]
[SourceDate "2013.02.25"]
[SourceVersion "1"]
[SourceVersionDate "2013.02.25"]
[SourceQuality "1"]

1. e4 e6 2. d4 d5 3. exd5 exd5 4. Nf3 Bg4 5. h3 Bh5 6. Qe2+ Qe7 7. Be3 Nc6 8. Nc3 0-0-0 9. g4 Bg6 10. 0-0-0 f6 11. Bg2 Qd7 12. Ne1 Nge7 13. f4 Nb4 14. f5 Bf7 15. a3 Na6 16. Rf1 Kb8 17. Nd3 c6 18. Nc5 Nxc5 19. dxc5 g6 20. fxg6 Nxg6 21. Rxf6 Re8 22. Qf2 Be6 23. Qg3+ Ka8 24. Rff1 Be7 25. Ne4 Bh4 26. Qd6 Qc8 27. Nf2 Bd7 28. Bd4 Bg5+ 29. Kb1 Bf4 30. Qf6 Rhf8 31. g5 Rxf6 32. gxf6 Be5 33. Bxe5 Nxe5 34. Nd3 Nc4 35. Rf2 Bf5 36. Rdf1 Ne3 37. Re1 d4 0-1

[Event "Dvorkovich Memorial op"]
[Site "Taganrog"]
[Date "2013.01.18"]
[Round "4"]
[White "Petrov, Artur"]
[Black "Martynov, Roman"]
[Result "1-0"]
[WhiteElo "2411"]
[BlackElo "2279"]
[PlyCount "69"]
[EventDate "2013.01.15"]
[EventType "swiss"]
[EventRounds "9"]
[EventCountry "RUS"]
[SourceTitle "CBM 152 Extra"]
[Source "ChessBase"]
[SourceDate "2013.02.25"]
[SourceVersion "1"]
[SourceVersionDate "2013.02.25"]
[SourceQuality "1"]

1. e4 c6 2. d4 d5 3. Nc3 dxe4 4. Nxe4 Nd7 5. Ng5 Ngf6 6. Bd3 e6 7. N1f3 Bd6 8. 0-0 h6 9. Ne4 Nxe4 10. Bxe4 Nf6 11. Bd3 0-0 12. Re1 Qc7 13. c3 Rd8 14. a4 c5 15. dxc5 Bxc5 16. Ne5 Bd6 17. Nf3 b6 18. Qe2 Bb7 19. h3 a6 20. Bc2 Bf4 21. Ne5 Bxc1 22. Raxc1 Rd6 23. Qc4 Qe7 24. Qh4 Qc7 25. Re3 Rd5 26. Rce1 Rad8 27. Bb3 Rc5 28. f4 Bd5 29. Bc2 Ba8 30. Rg3 Kf8 31. Bd3 Bb7 32. Ree3 Rcd5 33. Rxg7 Kxg7 34. Rg3+ Kf8 35. Qxf6 1-0

[Event "Dvorkovich Memorial op"]
[Site "Taganrog"]
[Date "2013.01.15"]
[Round "3"]
[White "Popov, Ivan1111"]
[Black "Petrov, Artur"]
[Result "1-0"]
[WhiteElo "2623"]
[BlackElo "2411"]
[PlyCount "59"]
[EventDate "2013.01.15"]
[EventType "swiss"]
[EventRounds "9"]
[EventCountry "RUS"]
[SourceTitle "CBM 152 Extra"]
[Source "ChessBase"]
[SourceDate "2013.02.25"]
[SourceVersion "1"]
[SourceVersionDate "2013.02.25"]
[SourceQuality "1"]

1. e4 e6 2. d4 d5 3. Nc3 Nf6 4. Bg5 dxe4 5. Nxe4 Nbd7 6. Nxf6+ Nxf6 7. Nf3 h6 8. Be3 Nd5 9. Bd2 c5 10. Bb5+ Bd7 11. Bxd7+ Qxd7 12. c4 Nb6 13. Rc1 Rc8 14. dxc5 Bxc5 15. b4 Be7 16. c5 Nd5 17. Ne5 Qc7 18. Qa4+ Kf8 19. Nc4 a6 20. 0-0 h5 21. Qb3 h4 22. Qf3 Rd8 23. Rfe1 Kg8 24. h3 g6 25. b5 Bxc5 26. Ne5 b6 27. Rxc5 bxc5 28. Ba5 Qa7 29. Bxd8 axb5 30. Nxg6 1-0

[Event "RUS-ch Higher League 65th"]
[Site "Tiumen"]
[Date "2012.06.25"]
[Round "9"]
[White "Petrov, Artur"]
[Black "Kabanov, Nikolai"]
[Result "0-1"]
[WhiteElo "2414"]
[BlackElo "2496"]
[PlyCount "138"]
[EventDate "2012.06.16"]
[EventType "swiss"]
[EventRounds "11"]
[EventCountry "RUS"]
[SourceTitle "CBM 149"]
[Source "ChessBase"]
[SourceDate "2012.07.17"]
[SourceVersion "1"]
[SourceVersionDate "2012.07.17"]
[SourceQuality "1"]

1. e4 c5 2. Nf3 Nc6 3. d4 cxd4 4. Nxd4 e5 5. Nb5 d6 6. c4 Be7 7. N1c3 a6 8. Na3 Be6 9. Nd5 Rc8 10. Nc2 Bg5 11. Nce3 Nge7 12. Bd3 0-0 13. b3 Nd4 14. h4 Bh6 15. g4 Bxd5 16. cxd5 Bf4 17. Bb2 Ng6 18. Ng2 Qa5+ 19. Kf1 Bd2 20. h5 Nf4 21. Nxf4 Bxf4 22. Bxd4 exd4 23. Kg2 Qd8 24. Qf3 Qg5 25. Rad1 Rc3 26. Qh3 h6 27. Qh4 Qe5 28. Rhe1 g6 29. Qh3 Kh8 30. Rh1 Rg8 31. Kf1 Rgc8 32. Qf3 Rg8 33. Qe2 Bh2 34. Qd2 Bf4 35. Qe2 Qg5 36. Qf3 Kg7 37. Qh3 b5 38. Qf3 b4 39. Qe2 a5 40. Bc4 Qe5 41. Bd3 Rgc8 42. Kg2 Qg5 43. Bc4 Qe5 44. Bd3 Kh8 45. Kf1 Kg7 46. Kg2 R8c7 47. Kf1 Re7 48. Kg2 Ra7 49. Bb5 Kh8 50. Kf1 Rac7 51. Bd3 Re7 52. Qf3 Ra7 53. Qe2 a4 54. bxa4 Rxa4 55. Bc4 Ra7 56. Kg2 Re7 57. Rde1 Qg5 58. hxg6 fxg6 59. Rb1 Rc7 60. Rxb4 d3 61. Bxd3 Rxd3 62. Rxh6+ Qxh6 63. Qxd3 Be5 64. Qf3 Kg7 65. Qh3 Qxh3+ 66. Kxh3 Rc2 67. Kg2 Kf6 68. a4 Kg5 69. a5 Ra2 0-1

[Event "RUS-ch Higher League 65th"]
[Site "Tiumen"]
[Date "2012.06.21"]
[Round "6"]
[White "Petrov, Artur"]
[Black "Ovetchkin, Roman"]
[Result "1/2-1/2"]
[WhiteElo "2414"]
[BlackElo "2501"]
[PlyCount "82"]
[EventDate "2012.06.16"]
[EventType "swiss"]
[EventRounds "11"]
[EventCountry "RUS"]
[SourceTitle "CBM 149"]
[Source "ChessBase"]
[SourceDate "2012.07.17"]
[SourceVersion "1"]
[SourceVersionDate "2012.07.17"]
[SourceQuality "1"]

1. e4 e5 2. Nf3 Nc6 3. Bb5 Nf6 4. 0-0 Nxe4 5. d4 Nd6 6. Bxc6 dxc6 7. dxe5 Nf5 8. Qxd8+ Kxd8 9. Rd1+ Ke8 10. Nc3 Ne7 11. h3 Ng6 12. Ne4 Be7 13. Bg5 Bxg5 14. Nexg5 Ke7 15. Rd2 h6 16. Ne4 Re8 17. Re1 Kf8 18. Ng3 c5 19. Nh5 b6 20. Rde2 Bb7 21. Nd2 Rad8 22. f4 Nh4 23. Ne4 Rd4 24. Kf2 Ba6 25. Rd2 Red8 26. Rxd4 Rxd4 27. g4 Bb7 28. Nhg3 g6 29. Re2 Ke7 30. Ke3 Ke6 31. Kf2 a5 32. a3 Bc6 33. Ke3 Rd1 34. Kf2 Rb1 35. c3 Rd1 36. Rd2 Rb1 37. Re2 Rc1 38. Rd2 a4 39. Re2 Bb7 40. Rd2 Bc6 41. Re2 Bb7 1/2-1/2

[Event "RUS-ch Higher League 65th"]
[Site "Tiumen"]
[Date "2012.06.20"]
[Round "5"]
[White "Khismatullin, Denis Rimovich"]
[Black "Petrov, Artur"]
[Result "1-0"]
[WhiteElo "2664"]
[BlackElo "2414"]
[PlyCount "93"]
[EventDate "2012.06.16"]
[EventType "swiss"]
[EventRounds "11"]
[EventCountry "RUS"]
[SourceTitle "CBM 149"]
[Source "ChessBase"]
[SourceDate "2012.07.17"]
[SourceVersion "1"]
[SourceVersionDate "2012.07.17"]
[SourceQuality "1"]

1. c4 Nf6 2. Nc3 e6 3. d4 Bb4 4. e3 0-0 5. Nge2 d5 6. cxd5 exd5 7. g3 Re8 8. Bg2 c6 9. 0-0 a5 10. Qc2 Na6 11. f3 c5 12. g4 h6 13. Ng3 Bd7 14. Qf2 Rc8 15. Nce2 cxd4 16. Nxd4 Bf8 17. Rd1 Nb4 18. b3 a4 19. Bb2 axb3 20. axb3 Bxg4 21. fxg4 Nxg4 22. Qf3 Nxe3 23. Rd2 Qg5 24. Rf2 Rc7 25. Bf1 Nxf1 26. Raxf1 Qe3 27. Nb5 Qxf3 28. Rxf3 Rd7 29. Nh5 Re6 30. Nd4 Rg6+ 31. Kh1 Nc6 32. Ra1 Rd8 33. Nf5 d4 34. Rd1 Bc5 35. Nfxg7 Rxg7 36. Nxg7 Kxg7 37. Rg1+ Kf8 38. Bc1 Rd6 39. Rh3 d3 40. Rd1 Nb4 41. Bxh6+ Ke8 42. Bd2 Nc2 43. Bf4 Rd4 44. Be3 Nxe3 45. Rxe3+ Kf8 46. Rdxd3 Rg4 47. Rd8+ 1-0

[Event "South FR-ch"]
[Site "Armavir"]
[Date "2012.03.??"]
[Round "7"]
[White "Bezulenko, Evgeny"]
[Black "Petrov, Artur"]
[Result "0-1"]
[WhiteElo "1962"]
[BlackElo "2403"]
[PlyCount "120"]
[EventDate "2012.03.11"]
[EventType "swiss"]
[EventRounds "9"]
[EventCountry "RUS"]
[SourceTitle "EXT 2023"]
[Source "ChessBase"]
[SourceDate "2022.10.05"]
[SourceVersion "1"]
[SourceVersionDate "2022.10.05"]
[SourceQuality "1"]

1. f4 Nf6 2. b3 g6 3. Bb2 Bg7 4. Nf3 0-0 5. e3 d6 6. Be2 Nbd7 7. 0-0 e5 8. fxe5 Ng4 9. Na3 Ngxe5 10. Rb1 d5 11. Nb5 c6 12. Nc3 Qe7 13. Qc1 Nxf3+ 14. Bxf3 Qg5 15. Ne2 Ne5 16. Ba3 Re8 17. Nd4 h5 18. Qe1 Bh3 19. Qf2 Rad8 20. Kh1 Bg4 21. h3 Bc8 22. Be2 f5 23. Nf3 Nxf3 24. Bxf3 Be5 25. Bb2 Bg3 26. Bf6 Qxf6 27. Qxg3 h4 28. Qf4 d4 29. Rbe1 g5 30. Qc7 d3 31. cxd3 Rxd3 32. Bh5 Qe7 33. Qxe7 Rxe7 34. Rf2 Kg7 35. Bd1 Rd5 36. Bc2 c5 37. Ref1 Kg6 38. e4 fxe4 39. Rf6+ Kg7 40. Rf8 Rxd2 41. Bxe4 Be6 42. R8f6 Bf7 43. Bb1 Rd5 44. Be4 Rde5 45. Bd3 Be8 46. Kh2 b5 47. a4 bxa4 48. bxa4 Rc7 49. Bc4 Re4 50. Bd5 Rd4 51. Bb3 c4 52. Bc2 Rf7 53. Rg6+ Kf8 54. Re1 Rf2 55. Rge6 Bf7 56. R6e2 Rd2 57. Rxd2 Rxd2 58. Rc1 Bd5 59. Kg1 Rxg2+ 60. Kf1 Rh2 0-1

[Event "South FR-ch"]
[Site "Armavir"]
[Date "2012.03.??"]
[Round "9"]
[White "Panarin, Mikhail"]
[Black "Petrov, Artur"]
[Result "1/2-1/2"]
[WhiteElo "2523"]
[BlackElo "2403"]
[PlyCount "71"]
[EventDate "2012.03.11"]
[EventType "swiss"]
[EventRounds "9"]
[EventCountry "RUS"]
[SourceTitle "EXT 2023"]
[Source "ChessBase"]
[SourceDate "2022.10.05"]
[SourceVersion "1"]
[SourceVersionDate "2022.10.05"]
[SourceQuality "1"]

1. e4 e6 2. d4 d5 3. Nd2 c5 4. exd5 Qxd5 5. Ngf3 cxd4 6. Bc4 Qd6 7. 0-0 Nf6 8. Nb3 Nc6 9. Nbxd4 Nxd4 10. Nxd4 a6 11. Re1 Qc7 12. Qe2 Bd6 13. Bg5 0-0 14. Bd3 Nd5 15. Qh5 g6 16. Qh4 Bf4 17. Be4 Bxg5 18. Qxg5 Nf4 19. Rad1 e5 20. Ne2 f6 21. Qh6 Nxe2+ 22. Rxe2 Be6 23. h4 f5 24. Bd5 Bxd5 25. Rxd5 e4 26. Red2 Rad8 27. Qg5 Rxd5 28. Rxd5 Qxc2 29. h5 Qb1+ 30. Kh2 Qxa2 31. Rd7 Qe6 32. Rxb7 Rf7 33. Rb8+ Rf8 34. Rb7 Rf7 35. Rb8+ Rf8 36. Rb7 1/2-1/2

[Event "South FR-ch"]
[Site "Armavir"]
[Date "2012.03.??"]
[Round "8"]
[White "Petrov, Artur"]
[Black "Lugovskoy, Maxim"]
[Result "1-0"]
[WhiteElo "2403"]
[BlackElo "2346"]
[PlyCount "71"]
[EventDate "2012.03.11"]
[EventType "swiss"]
[EventRounds "9"]
[EventCountry "RUS"]
[SourceTitle "EXT 2023"]
[Source "ChessBase"]
[SourceDate "2022.10.05"]
[SourceVersion "1"]
[SourceVersionDate "2022.10.05"]
[SourceQuality "1"]

1. e4 e6 2. d4 d5 3. Nc3 Bb4 4. e5 c5 5. a3 Bxc3+ 6. bxc3 Ne7 7. h4 Qc7 8. Nf3 b6 9. h5 h6 10. Bb5+ Bd7 11. Bd3 c4 12. Be2 Ba4 13. Nh4 Nbc6 14. Be3 0-0-0 15. Bg4 Kb7 16. Qd2 Qd7 17. Bh3 Qe8 18. f4 g6 19. hxg6 Nxg6 20. Bf2 Nce7 21. 0-0 Qg8 22. f5 exf5 23. Nxf5 Nxf5 24. Bxf5 Qg7 25. Be3 Rdg8 26. Bh3 Qh7 27. Rf6 Rg7 28. Raf1 Be8 29. Qf2 Rhg8 30. e6 fxe6 31. Bxe6 Nf4 32. Qxf4 Rxg2+ 33. Kh1 R2g5 34. Bxg8 Qxg8 35. Rxh6 Bg6 36. Qxg5 1-0

[Event "South FR-ch"]
[Site "Armavir"]
[Date "2012.03.??"]
[Round "2"]
[White "Petrov, Artur"]
[Black "Nezamyatin, Ruslan"]
[Result "1-0"]
[WhiteElo "2403"]
[BlackElo "2176"]
[PlyCount "77"]
[EventDate "2012.03.11"]
[EventType "swiss"]
[EventRounds "9"]
[EventCountry "RUS"]
[SourceTitle "EXT 2023"]
[Source "ChessBase"]
[SourceDate "2022.10.05"]
[SourceVersion "1"]
[SourceVersionDate "2022.10.05"]
[SourceQuality "1"]

1. e4 e6 2. d4 d5 3. Nc3 dxe4 4. Nxe4 Nf6 5. Nxf6+ Qxf6 6. Nf3 h6 7. Bd3 Nc6 8. 0-0 Bd7 9. c3 Bd6 10. Re1 0-0 11. Qe2 Ne7 12. Ne5 Bxe5 13. dxe5 Qh4 14. g3 Qh3 15. Qe4 f5 16. exf6 Rxf6 17. Bf1 Qh5 18. Be2 Qf7 19. Be3 Bc6 20. Qe5 Ng6 21. Qc5 Rf5 22. Qd4 Rd5 23. Qg4 Rf8 24. f4 h5 25. Qh3 h4 26. Bg4 Re8 27. c4 Rd3 28. Rad1 Rxd1 29. Rxd1 e5 30. f5 Nf8 31. b3 b5 32. cxb5 Bxb5 33. Qxh4 Bc6 34. Bh5 Qxf5 35. Qc4+ Re6 36. Bg4 Qe4 37. Bxe6+ Nxe6 38. Qxe4 Bxe4 39. Bxa7 1-0

[Event "South FR-ch"]
[Site "Armavir"]
[Date "2012.03.??"]
[Round "4"]
[White "Petrov, Artur"]
[Black "Rakov, Valery"]
[Result "1-0"]
[WhiteElo "2403"]
[BlackElo "2220"]
[PlyCount "43"]
[EventDate "2012.03.11"]
[EventType "swiss"]
[EventRounds "9"]
[EventCountry "RUS"]
[SourceTitle "EXT 2023"]
[Source "ChessBase"]
[SourceDate "2022.10.05"]
[SourceVersion "1"]
[SourceVersionDate "2022.10.05"]
[SourceQuality "1"]

1. e4 c5 2. Nf3 Nc6 3. d4 cxd4 4. Nxd4 Nf6 5. Nc3 d6 6. Bg5 Bd7 7. Qd2 Rc8 8. 0-0-0 Nxd4 9. Qxd4 Qa5 10. f4 h6 11. Bxf6 gxf6 12. Kb1 Qc5 13. Qd2 f5 14. exf5 Bxf5 15. Bb5+ Kd8 16. Bd3 Bg7 17. Bxf5 Qxf5 18. Nd5 Qd7 19. f5 Be5 20. Rhe1 Qxf5 21. Nxe7 Kxe7 22. Qxd6+ 1-0

[Event "Rostov Region-ch op"]
[Site "Rostov on Don"]
[Date "2011.10.20"]
[Round "4.5"]
[White "Petrov, Artur"]
[Black "Kulygin, Evgeniy"]
[Result "1/2-1/2"]
[WhiteElo "2399"]
[BlackElo "2134"]
[PlyCount "68"]
[EventDate "2011.10.20"]
[EventType "swiss"]
[EventRounds "9"]
[EventCountry "RUS"]
[SourceTitle "EXT 2022"]
[Source "ChessBase"]
[SourceDate "2021.10.06"]
[SourceVersion "1"]
[SourceVersionDate "2021.10.06"]
[SourceQuality "1"]

1. e4 c5 2. Nf3 d6 3. d4 cxd4 4. Nxd4 Nf6 5. Nc3 Nc6 6. Be2 e5 7. Nf3 h6 8. 0-0 Be6 9. Re1 Be7 10. Bf1 Rc8 11. Nd5 0-0 12. h3 Nb8 13. c4 Nxd5 14. cxd5 Bd7 15. Be3 b6 16. Qb3 Qc7 17. a4 Qb7 18. Qa3 Rfe8 19. a5 bxa5 20. Qxa5 a6 21. Bxa6 Nxa6 22. Qxa6 Qxb2 23. Reb1 Qc2 24. Rb7 Rc7 25. Rc1 Qa4 26. Qxa4 Rxc1+ 27. Bxc1 Bxa4 28. Be3 Bf8 29. Nd2 Rc8 30. Rb4 Bc2 31. Nc4 Bd3 32. Nb6 Rb8 33. f3 Be7 34. Rb3 Bd8 1/2-1/2